000
00252nam a2200097Ia 4500
001
1138153
005
20250827005239.0
008
250824s9999 xx 000 0 und d
245
0
_a
NUREDİN MAHMUD ZENGİ
_c
ABDULKADİR TURAN
260
_b
KETEBE YAYINLARI
999
_c
1138153
_d
1138153